| 000 | 01261cam a22003617a 4500 | ||
|---|---|---|---|
| 003 | CHAP | ||
| 005 | 20220329141347.0 | ||
| 008 | 971013s1988 r 00010 d | ||
| 010 | _a67005 | ||
| 011 | _a67977 | ||
| 035 | _a77449 | ||
| 040 | _cCHAP | ||
| 090 | _aTesis | ||
| 100 | 0 | 0 |
_aAbello Jorda, Francisca. _9206 |
| 245 | 0 | _aElectroterapia y cultivo de tejidos contra virus en papa Solanum spp | |
| 260 |
_aChapingo, Méx. : _bEl autor, _c1988 |
||
| 300 | _a69 h. | ||
| 502 | _aTesis (Ing. Agr. Esp. en Fitotecnia) -- UACH. Departamento de Fitotecnia | ||
| 590 |
_aALEPH _b10 _c20130110 _lUCH01 _h1401 |
||
| 590 |
_aBATCH-UPD _b10 _c20130110 _lUCH01 _h2033 |
||
| 590 |
_aBATCH-UPD _b10 _c20130410 _lUCH01 _h1349 |
||
| 590 |
_aBATCH-UPD _b10 _c20130914 _lUCH01 _h1115 |
||
| 590 |
_aCONVERSION _b10 _c20130109 _lUCH01 _h1337 |
||
| 650 | 1 | 4 |
_aCultivo de tejidos. _930213 |
| 650 | 1 | 4 |
_aElectricidad _xUsos terapéuticos. _936224 |
| 650 | 1 | 4 |
_aPapa _xEnfermedades por virus. _985231 |
| 650 | 1 | 4 |
_aPapa _xPropagación. _985279 |
| 901 | _aBK | ||
| 942 | _cFOLL | ||
| 949 |
_bBC _cTES _d03372400986998 _eTS1 _fc.2 _h20957 _i77449 _si |
||
| 949 |
_bBC _cTES _d33724002258941 _eTS2 _fc.3 _h52271 _i77449 _sb |
||
| 949 |
_bBC _cTES _d33724002259017 _eTS1 _gDonaciØn _h20930 _i77449 _si |
||
| 999 |
_c67005 _d67005 |
||